Online Catalogue and eLibrary

Pirimikama gana vimasumak (Record no. 5243)

MARC details
000 -LEADER
fixed length control field 00407nam a2200157Ia 4500
005 - DATE AND TIME OF LATEST TRANSACTION
control field 20250526030450.0
008 - FIXED-LENGTH DATA ELEMENTS--GENERAL INFORMATION
fixed length control field 240331s9999 xx 000 0 und d
020 ## - INTERNATIONAL STANDARD BOOK NUMBER
ISBN 9559102788
082 ## - DDC Classification
Item Number - Author Mark BHA
Class No. 305
100 ## - MAIN ENTRY--PERSONAL NAME
Personal name Bhasin,K
245 #0 - TITLE STATEMENT
Title Pirimikama gana vimasumak
260 ## - PUBLICATION, DISTRIBUTION, ETC.
Place of publication, distribution, etc. Colombo
Name of publisher, distributor, etc. Social Science Association
Date of publication, distribution, etc. 2005
300 ## - PHYSICAL DESCRIPTION
Extent (e.g. Volumes, Pages etc.) 79 p .,
500 ## - GENERAL NOTE
General note A book on question about masculinity
942 ## - Koha item type (Biblio)
Koha item type Books in Stacks (Lending)
Holdings
Lost status Damaged status Collection code Home library Current library Shelving location Date acquired Full call number Accession Number Item type
    Lending WERC Library WERC Library Social Science Cupboard 03/31/2024 305.3 BHA 1940 Books in Stacks (Lending)

© WERC Library